000 00596nam a2200229Ia 4500
008 101110s9999 xx 000 0 und d
041 _aENGLISH
082 _bSR34034
100 _aDattachoudhary Dhruba
245 _aAuditing : questions & answers
260 _bNew Central Book Agency, Kolkata
300 _a222
365 _b115
520 _aCommerce
520 _aUGC XIth Five Year Plan 2009-2010
546 _aENGLISH
630 _aAuditing : questions & answers
650 _aCommerce
655 _aCommerce
730 _aAuditing : questions & answers
942 _cBOOK
999 _c826535
_d826532